| 000 | 02038nam a22002897a 4500 | ||
|---|---|---|---|
| 999 |
_c21716 _d21716 |
||
| 003 | AR-CdUCM | ||
| 008 | 190425b ||||| |||| 00| 0 spa d | ||
| 040 |
_aMUNICIPALIDAD PROVINCIAL DEL CUSCO _cBIBLIOTECA MUNICIPAL DEL CUSCO |
||
| 082 |
_aRev.Univ/N°64/1933 _bRev.Univ/N°64/1933 _21° trimestre 1933 |
||
| 110 |
_aUniversidad Nacional de San Antonio Abad del Cusco _915942 |
||
| 245 |
_aRevista Universitaria : _bÓrgano de la Universidad del Cuzco / |
||
| 260 |
_aCusco : _bH. G. Rozas, _c1933. |
||
| 300 |
_a200 páginas. : _c20 cm. |
||
| 440 |
_aRevista Universitaria _nAño XXII, 1° trimestre 1933, N°64 _945840 |
||
| 505 | _aContenido: Discurso de orden pronunciado en la apertura del presente año académico. -- Dos botanistas españoles del siglo XVI. Fortunato L. Herrera. -- Estudios sobre bromatología americana. Felipe Urquieta. -- Estudios sobre la Flora del departamento del Cuzco diversos herbarios. Fortunato L. Herrera. -- Humanización del Arte. Domingo Velasco Astete. -- En el país de los incas por J. Squier. -- La cátedra de medicina legal. Miguel A. Nieto. -- Festividades del tiempo heroico del Cuzco. Carlos A. romero. -- Las Chullpas de Sillustani. Uriel García. -- Las ruinas de Piquillaccta y la leyenda de la princesa Sumaccttica. Luis A. Pardo. -- Helechos de la Convención río Alto Urubamba. Christian Bues. -- Breve estudio sobre la tribu Bora de la comarca de los ríos Putumayo y Caquetá. Augusto Jimenez Seminario. -- Discurso pronunciado a nombre de la universidad en el acto de sepelio de los restos del que fue Rafael Paredes. -- canjes y publicaciones recibidas. | ||
| 650 |
_aBotánica cusqueña _945807 |
||
| 650 |
_aBromatología _945841 |
||
| 650 |
_aPueblos indígenas _96988 |
||
| 650 |
_aBora _945842 |
||
| 650 |
_aCentros arqueológicos _93230 |
||
| 650 |
_aPiquillaqta _945843 |
||
| 650 |
_aSillustani _932391 |
||
| 650 |
_aLeyenda Sumaq T´ika _945844 |
||
| 710 |
_aUniversidad Nacional de San Antonio Abad del Cusco _915942 |
||
| 942 |
_2ddc _cPP |
||
| 945 | _arac | ||